Paises fascistas - Estadísticas

Estadísticas generales
  • Esta prueba ha sido intentada 212 veces
  • La puntuación promedio es 14 de 22
Estadísticas de respuestas
Años Respuestas % Correcto
1933-1945 Alemania
100%
1936-1975 España
100%
1922-1945 Italia
99%
1940-1944 Francia
85%
1932-1974 Portugal
80%
1931-1945 Japón
77%
1936-1941 Grecia
76%
1933-1945 Austria
73%
1940-1944 Rumania
73%
1932-1945 Hungria
71%
1939-1943 Albania
62%
1937-1945 China
61%
1941-1945 Croacia
61%
1974-1990 Chile
59%
1943-1945 Noruega
56%
1941-1944 Serbia
56%
1939-1944 Eslovaquia
52%
1937-1945 Brasil
51%
1941-1944 Montenegro
35%
1926-1943 San marino
29%
1942-1945 Filipinas
23%
1935-1992 El Salvador
14%
No se encontraron pruebas coincidentes
Distribución de puntuación
Porcentaje de gente con cada puntuación
Porcentaje por número respondido
Historial de tus puntuaciones
No has intentado esta prueba.